00309nam a2200097Ia 4500001000800000005001700008008004100025020001800066245010500084260002200189126674920260417145120.0260417s9999 xx 000 0 und d a9786258317664 0aHz. Peygamber ve Yakınlar (Akrabalar/Komşular) - Tüm İnsanların Peygamberi 7cÖmer Sabuncu bBeyan Yayınları